000 00577nam a2200169Ia 4500
008 090711s9999 xx 000 0 und d
082 _b33218
100 _aबेडेकर विश्राम
245 _aवाजे पाऊल आपुले
260 _bसाधना प्रकाशन
_c1971
300 _a82
600 _aबेडेकर विश्राम
630 _aवाजे पाऊल आपुले
700 _aबेडेकर विश्राम
730 _aवाजे पाऊल आपुले
942 _cBOOK
999 _c329855
_d329855